South Eastern Kenya University

Library Online Public Access Catalogue


Kaizen in logistics and supply chains / (Record no. 7595)

MARC details
000 -LEADER
fixed length control field 00909cam a2200193 a 4500
020 ## - ISBN
International Standard Book Number 0071811044
020 ## - ISBN
International Standard Book Number 9780071811040
050 00 - LIBRARY OF CONGRESS CALL NUMBER
Classification Number HD38.5
Item Number .C64 2013
100 1# - MAIN ENTRY--Author
Personal name Coimbra, Euclides A.
245 10 - TITLE
Title Kaizen in logistics and supply chains /
Statement of responsibility, etc Euclides A. Coimbra.
260 ## - PUBLICATION, DISTRIBUTION, ETC.(IMPRINT)
Place of publication, distribution, etc New York [USA] :
Name of publisher, distributor, etc McGraw-Hill Education,
Date of publication, distribution, etc c2013.
300 ## - PHYSICAL DESCRIPTION
Extent xx, 363 p. :
500 ## - GENERALNOTE
General note Includes bibliographic references and index.
650 ## - SUBJECT--TOPIC
General subdivision Delivery of goods -- management ;
-- Organizational effectiveness ;
-- Business logistics -- cost effectiveness ;
-- Industrial efficiency ;
-- Industrial management ;
-- Business logistics ;
-- Continous improvement process.
856 41 - URL/ELECTRONIC LOCATION AND ACCESS
Uniform Resource Identifier <a href="http://www.loc.gov/catdir/enhancements/fy1408/2012286606-t.html">http://www.loc.gov/catdir/enhancements/fy1408/2012286606-t.html</a>
856 42 - URL/ELECTRONIC LOCATION AND ACCESS
Uniform Resource Identifier <a href="http://www.loc.gov/catdir/enhancements/fy1408/2012286606-d.html">http://www.loc.gov/catdir/enhancements/fy1408/2012286606-d.html</a>
856 42 - URL/ELECTRONIC LOCATION AND ACCESS
Uniform Resource Identifier <a href="http://www.loc.gov/catdir/enhancements/fy1408/2012286606-b.html">http://www.loc.gov/catdir/enhancements/fy1408/2012286606-b.html</a>
942 ## - ADDED ENTRY ELEMENTS(KOHA)
Source of classification or shelving scheme Library of Congress Classification
Koha item type General circulation
Holdings
Source of classification or shelving scheme Not for loan Location (home branch) Sublocation (holding branch) Date accessioned Source of acquisition Cost, normal purchase price Full call number Barcode Cost, replacement price Nonpublic note Koha item type Public note
Library of Congress Classification   Kitui Town Campus Library Kitui Town Campus Library 29/07/2015 Donation - Books for Africa 4465.00 HD 38.5 .C64 2015/004995 4911.00 Nzk General circulation Nzk
Kitui, Kenya.
+254736116989
library@seku.ac.ke